Statistiques concernant Reliez les paroles des chansons de Daniel Balavoine à son titre

Cliquez ici pour prendre le quiz!

Statistiques générales

  • Ce quiz a été pris 661 fois
  • Le résultat moyen est 9 sur 15

Statistiques - réponses

HintRéponse% Correct
"J'me présente, je m'appelle Henri, j'voudrais bien réussir ma vie, être aimé"Le chanteur
93%
"Ta couleur et tes mots tout me va, que tu vives ici ou là-bas, danse avec moi, si tu crois que ta vie est là ce n'est pas un problème pour moi"L'Aziza
87%
"J'ai jamais eu les pieds sur terre, j'aimerais mieux être un oiseau, j'suis mal dans ma peau"S.O.S. d'un terrien en détresse
85%
"Comme un fou va jeter à la mer des bouteilles vides et puis espère qu'on pourra lire à travers S.O.S. écrit avec de l'air"Tous les cris les S.O.S
83%
"Des gars qui se maquillent, ça fait rire les passants mais quand ils voient du sang sur nos lames de rasoir"Quand on arrive en ville
77%
"Ça fait longtemps que t'es parti maintenant, je t'écoute démonter ma vie en pleurant"Mon fils ma bataille
75%
"Des coups de poing dans l'âme, le froid de la lame qui court chaque jour me pousse un peu plus vers la fin"Je ne suis pas un héros
55%
"Qui ose dire qu'il peut m'apprendre les sentiments ou me montrer ce qu'il faut faire pour être grand, qui peut changer ce que je porte dans mon sang"La vie de m'apprend rien
54%
"Partir effacer sur le Gange la douleur, pouvoir parler à un ange en douceur"Sauver l'amour
47%
"La muraille tremble et se fend comme un cœur qui éclate en deux et la femme entre dans l'Histoire comme arrive l'œuvre d'un Dieu"Dieu que c'est beau
46%
"Toi qui as brisé la glace, sais que rien ne remplace la vérité et qu'il n'y a que deux races : ou les faux ou les vrais"Aimer est plus fort que d’être aimé
41%
"Heure sonne matin, pleure chagrin et repasse le film humide du passé dans les yeux"Vivre ou survivre
37%
"Ne me dites pas que quand je l'ai quittée ça lui a fait de la peine, non ne me dites pas que quand je l'ai quittée c'était dans la haine"De vous à elle en passant par moi
31%
"Et devant tes souffrances je rêve de puissance et la pluie recommence à mouiller mes souliers"Me laisse pas m'en aller
29%
"Près du mur, assis sur le côté, ma tête dure rampait encore au pavé lustré, je le savais, j'arriverais"Lady Marlene
24%

Distribution des résultats

Percentile par nombre de réponses

% des personnes avec chaque résultat

Votre développement - résultats

Vous n’avez pas pris ce quiz